[Event "Beth Harmon Chessing on the Ceiling Tourney"]
[Site "SchemingMind.com"]
[Date "2020.12.19"]
[Round "-"]
[White "Thomas Jacob Kelly"]
[Black "Chessibelle"]
[Result "1-0"]
[WhiteCountry "USA"]
[BlackCountry "ENG"]
[WhiteElo "1867"]
[WhiteRD "73"]
[BlackElo "1133"]
[BlackRD "61"]
[GameID "463575"]

1. e4 e5 2. Nf3 Nc6 3. Bb5 Nge7 4. c3 a6 5. Ba4 g6 6. d4 f6 7. dxe5 fxe5 8. Bb3 d6 9. Bg5 Bg7 10. Qd3 Be6
11. Bxe6 b5 12. Nbd2 Qb8 13. O-O-O h6 14. Be3 Nd8 15. Bd5 Ndc6 16. Nh4 g5 17. Nf5 Bf6 18. h4 Qc8 19. hxg5 hxg5 20. Rxh8+ Bxh8
21. Bxg5 Rb8 22. Qh3 Ng6 23. Bxc6+
1-0

[Event "Beth Harmon Chessing on the Ceiling Tourney"]
[Site "SchemingMind.com"]
[Date "2020.12.20"]
[Round "-"]
[White "Steven DuCharme"]
[Black "Kenny Elliott"]
[Result "0-1"]
[WhiteCountry "USA"]
[BlackCountry "USA"]
[WhiteElo "1554"]
[WhiteRD "55"]
[BlackElo "1562"]
[BlackRD "54"]
[GameID "463582"]

1. b3 e5 2. Bb2 Nc6 3. g3 d5 4. Bg2 Nf6 5. Nf3 e4 6. Ne5 Nxe5 7. Bxe5 Bd6 8. Bxd6 Qxd6 9. O-O O-O 10. d3 exd3
11. Qxd3 Be6 12. Nd2 c6 13. h3 Qd7 14. e4 Rad8 15. Kh2 Nh5 16. f4 f5 17. e5 Qf7 18. Bf3 c5 19. Qe2 g6 20. a4 Ng7
21. c3 b6 22. a5 d4 23. cxd4 Rxd4 24. axb6 axb6 25. Ra6 Rfd8 26. Nb1 Bxb3 27. Rxb6 Be6 28. Rb7 R8d7 29. Rb8+ Ne8 30. Bc6 Re7
31. Rd1 Re4 32. Qxe4 fxe4 33. Rdd8 Kg7 34. Bxe8 Rxe8 35. Rxe8 Kh6 36. Nc3 e3 37. Kg1 Bxh3 38. Ne2 Bg4 39. Rf8 Qa2
0-1

[Event "Beth Harmon Chessing on the Ceiling Tourney"]
[Site "SchemingMind.com"]
[Date "2020.12.19"]
[Round "-"]
[White "Kenny Elliott"]
[Black "Steven DuCharme"]
[Result "1-0"]
[WhiteCountry "USA"]
[BlackCountry "USA"]
[WhiteElo "1562"]
[WhiteRD "54"]
[BlackElo "1554"]
[BlackRD "55"]
[GameID "463583"]

1. d4 d5 2. c4 e6 3. Nc3 c6 4. Nf3 Bb4 5. Bd2 Ne7 6. e3 O-O 7. c5 Ng6 8. Bd3 e5 9. Bxg6 fxg6 10. O-O Bxc3
11. Bxc3 e4 12. Ne5 Nd7 13. Qb3 Qc7 14. f3 exf3 15. Nxf3 b6 16. Ng5 Nf6 17. Rae1 bxc5 18. dxc5 Rb8 19. Qc2 Bf5 20. e4 Bd7
21. Bxf6 Rxf6 22. Nf3 dxe4 23. Qxe4 Rxb2 24. Qc4+ Kf8 25. Ng5 Rxf1+ 26. Rxf1+ Bf5 27. Ne6+
1-0

[Event "Beth Harmon Chessing on the Ceiling Tourney"]
[Site "SchemingMind.com"]
[Date "2020.12.19"]
[Round "-"]
[White "Kenny Elliott"]
[Black "Derek Price"]
[Result "0-1"]
[WhiteCountry "USA"]
[BlackCountry "ENG"]
[WhiteElo "1562"]
[WhiteRD "54"]
[BlackElo "2249"]
[BlackRD "74"]
[GameID "463584"]

1. d4 d5 2. c4 c6 3. Nc3 Nf6 4. e3 e6 5. Nf3 Nbd7 6. cxd5 exd5 7. Bd3 Bd6 8. O-O O-O 9. Re1 Re8 10. a3 Ne4
11. Bxe4 dxe4 12. Nd2 Nf6 13. Qc2 Bc7 14. b4 Qd6 15. g3 Qe6 16. Bb2 Qf5 17. Ne2 Ng4 18. Nf4 Bxf4 19. exf4 e3 20. Qxf5 exf2+
21. Kg2 fxe1=Q 22. Rxe1 Bxf5 23. Rxe8+ Rxe8 24. Nf3 Re2+
0-1

[Event "Beth Harmon Chessing on the Ceiling Tourney"]
[Site "SchemingMind.com"]
[Date "2020.12.20"]
[Round "-"]
[White "Derek Price"]
[Black "Kenny Elliott"]
[Result "1-0"]
[WhiteCountry "ENG"]
[BlackCountry "USA"]
[WhiteElo "2249"]
[WhiteRD "74"]
[BlackElo "1562"]
[BlackRD "54"]
[GameID "463585"]

1. c4 c5 2. Nf3 Nc6 3. Nc3 Nf6 4. g3 e5 5. Bg2 d6 6. O-O Be7 7. d3 O-O 8. a3 Be6 9. Ng5 Bd7 10. Bd2 Ne8
11. Nf3 Bf5 12. Nd5 Nc7 13. Nxe7+ Qxe7 14. b4 e4 15. Nh4 exd3 16. Nxf5 Qe5 17. Ne3 dxe2 18. Qxe2 Nd4 19. Qd3 Rab8 20. Rfe1 Qe6
21. Nd5 Qd7 22. Re7 Qd8 23. Rxc7 Re8 24. Be4 Ne6 25. Bxh7+ Kf8 26. Qf5 Nxc7 27. Qh3 Nxd5 28. cxd5 Qf6 29. Rc1 Re2 30. Bf4 Rbe8
31. bxc5 dxc5 32. Bd3 Re1+ 33. Rxe1 Rxe1+ 34. Kg2 Re8 35. Qh8+ Ke7 36. d6+ Kd7 37. Bb5+ Kd8 38. Qxe8#
1-0

[Event "Beth Harmon Chessing on the Ceiling Tourney"]
[Site "SchemingMind.com"]
[Date "2020.12.21"]
[Round "-"]
[White "Kenny Elliott"]
[Black "Transcendent"]
[Result "0-1"]
[WhiteCountry "USA"]
[BlackCountry "ENG"]
[WhiteElo "1585"]
[WhiteRD "58"]
[BlackElo "1984"]
[BlackRD "68"]
[GameID "463586"]

1. d4 d5 2. c4 c6 3. Nc3 Nf6 4. Nf3 dxc4 5. e4 b5 6. e5 Nd5 7. Be2 Bf5 8. O-O e6 9. Bd2 Be7 10. b3 Nxc3
11. Bxc3 b4 12. Be1 c3 13. Qc1 Nd7 14. Bxc3 bxc3 15. Qxc3 O-O 16. Bd3 Bxd3 17. Qxd3 Nb6 18. Rac1 Qd7 19. Qb1 Rac8 20. Rc2 Nd5
21. a3 Bxa3 22. Qa1 Be7 23. Rfc1 Qb7 24. Qa4 Nb4 25. Rc4 a5 26. Qa1 Rfd8 27. Qb1 Rd5 28. Qe4 h6 29. h4 Rb5 30. Rb1 Nd5
31. g4 a4 32. Rxa4 Nc3
0-1

[Event "Beth Harmon Chessing on the Ceiling Tourney"]
[Site "SchemingMind.com"]
[Date "2020.12.21"]
[Round "-"]
[White "Transcendent"]
[Black "Kenny Elliott"]
[Result "1-0"]
[WhiteCountry "ENG"]
[BlackCountry "USA"]
[WhiteElo "1984"]
[WhiteRD "68"]
[BlackElo "1585"]
[BlackRD "58"]
[GameID "463587"]

1. d4 d5 2. c4 e6 3. Nf3 Nf6 4. g3 Bb4+ 5. Bd2 Bxd2+ 6. Nbxd2 O-O 7. Bg2 Nbd7 8. O-O c5 9. cxd5 exd5 10. Qc2 c4
11. b3 b5 12. a4 Ba6 13. axb5 Bxb5 14. bxc4 dxc4 15. Rfc1 a6 16. Nxc4 Rc8 17. Qb3 Re8 18. Nd6 Rxc1+ 19. Rxc1 Re6 20. Nxb5 axb5
21. Qxb5 Rxe2 22. Qxe2
1-0

[Event "Beth Harmon Chessing on the Ceiling Tourney"]
[Site "SchemingMind.com"]
[Date "2020.12.19"]
[Round "-"]
[White "Kenny Elliott"]
[Black "ray winteringham"]
[Result "1-0"]
[WhiteCountry "USA"]
[BlackCountry "ENG"]
[WhiteElo "1574"]
[WhiteRD "60"]
[BlackElo "1512"]
[BlackRD "49"]
[GameID "463588"]

1. d4 d5 2. c4 e6 3. Nc3 Ne7 4. Bf4 b6 5. Nb5 Na6 6. Qa4 c6 7. Nd6+ Kd7 8. Nxf7 Qe8 9. Nxh8 Nf5 10. O-O-O Be7
11. Nf3 Qxh8 12. Ne5+ Ke8 13. Qxc6+
1-0

[Event "Beth Harmon Chessing on the Ceiling Tourney"]
[Site "SchemingMind.com"]
[Date "2020.12.20"]
[Round "-"]
[White "ray winteringham"]
[Black "Kenny Elliott"]
[Result "0-1"]
[WhiteCountry "ENG"]
[BlackCountry "USA"]
[WhiteElo "1469"]
[WhiteRD "49"]
[BlackElo "1562"]
[BlackRD "54"]
[GameID "463589"]

1. g3 d5 2. d4 Nf6 3. Bg2 Nc6 4. e3 Bf5 5. Ne2 e6 6. O-O Nb4 7. Na3 Bd6 8. c3 Nd3 9. Bd2 Nxb2 10. Qb3 Bxa3
11. Qxa3 Nd3 12. Nc1 a6 13. Nxd3 Bxd3 14. Rfe1 Qd7 15. Qb2 b5 16. Bf1 Bxf1 17. Kxf1 O-O 18. Kg2 c5 19. dxc5 Qc6 20. Qb4 d4+
21. f3 dxc3 22. Bxc3 Nd5 23. Qb2 Qxc5 24. Bd4 Qd6 25. Rac1 Qd7 26. Rcd1= Rfc8 27. Bxg7 Qa7 28. Bh6 Nc3 29. Rd8+ Rxd8 30. Qxc3 f6
31. e4 e5 32. f4 Rac8 33. Qf3 Qf7 34. Qg4+ Qg6 35. Qe6+ Kh8 36. Qh3 Rc2+ 37. Kf1 Qf7 38. a3 Qc4+ 39. Kg1 Rdd2 40. fxe5 Qd4+
41. Kf1 Rf2+ 42. Kg1 Rxh2+
0-1

[Event "Beth Harmon Chessing on the Ceiling Tourney"]
[Site "SchemingMind.com"]
[Date "2020.12.19"]
[Round "-"]
[White "Kenny Elliott"]
[Black "Chessibelle"]
[Result "1-0"]
[WhiteCountry "USA"]
[BlackCountry "ENG"]
[WhiteElo "1562"]
[WhiteRD "54"]
[BlackElo "1100"]
[BlackRD "59"]
[GameID "463590"]

1. d4 d5 2. c4 e6 3. Nc3 Nf6 4. Bg5 Be7 5. Nf3 O-O 6. e3 c6 7. Ne5 Nbd7 8. Nxd7 Bxd7 9. cxd5 cxd5 10. Bd3 g6
11. O-O Bd6 12. Qf3 Be7 13. Rfe1 Kg7 14. Qh3 h5 15. Qf3 Rh8 16. Qf4 Rc8 17. e4 Qb6 18. e5 Kf8 19. Bxf6 Rg8 20. Qh6+ Ke8
21. Qh7 Rf8 22. Qg7 Kd8 23. Bxe7+ Kxe7 24. Qf6+ Ke8 25. Rab1 Qxd4 26. Rbd1 Qb6 27. Rb1 Qd4 28. Bb5 Rc7 29. Bxd7+ Rxd7 30. Nb5 Qc5
31. Nd6+ Rxd6 32. exd6 Qxd6 33. Rec1 Kd7 34. Qd4 b6 35. Qa4+ Ke7 36. Qxa7+ Kf6 37. Qc7 Qb4 38. Qc3+
1-0

[Event "Beth Harmon Chessing on the Ceiling Tourney"]
[Site "SchemingMind.com"]
[Date "2020.12.20"]
[Round "-"]
[White "Chessibelle"]
[Black "Kenny Elliott"]
[Result "0-1"]
[WhiteCountry "ENG"]
[BlackCountry "USA"]
[WhiteElo "1100"]
[WhiteRD "59"]
[BlackElo "1562"]
[BlackRD "54"]
[GameID "463591"]

1. e4 c5 2. c4 d6 3. Nf3 Bg4 4. Be2 Nf6 5. d3 e5 6. O-O Be7 7. Qa4+ Nc6 8. h3 Bxf3 9. Bxf3 O-O 10. Qd1 Nd4
11. Nd2 Rb8 12. b3 b5 13. g4 bxc4 14. dxc4 Nd7 15. Bg2 Bh4 16. f3 Qf6 17. Kh2 Qf4+ 18. Kg1 Qe3+ 19. Kh1 Ne2 20. Rg1 Ng3+
21. Kh2 Qf4 22. Nf1 Ne2+ 23. Kh1 Ng3+ 24. Nxg3 Qxg3 25. Qe2 Rfe8 26. Rf1 Nf8 27. Bd2 Ng6 28. Rad1 Rbd8 29. Be1 Qf4 30. Bf2 Bxf2
31. Qxf2 Qh6 32. Qe1 Nf4 33. Qf2 Nxh3 34. Bxh3 Qxh3+ 35. Kg1 Re6 36. Qd2 Qg3+ 37. Qg2 Qxg2+ 38. Kxg2 Rh6 39. Kf2 Rh2+ 40. Ke3 Rxa2
41. f4 f6 42. Rh1 exf4+ 43. Kxf4 g5+ 44. Kf5 Kg7 45. Rh3 Ra6 46. Rdh1 Rh8 47. Ke6 Rb6 48. Kd7 Kg8 49. Rh6 Kg7 50. Ke6 d5+
51. Ke7 dxe4 52. R6h3 Rb7+ 53. Kd6 Rb6+ 54. Kxc5 Re6 55. Kd5 Re5+ 56. Kd4 Rd8+ 57. Kc3 Rd3+ 58. Kc2 Rxh3 59. Rxh3 e3 60. Kd1 Re4
61. Ke2 Rxg4 62. Rxe3 Kg6 63. c5 Rd4 64. c6 Rd8 65. b4 Rc8 66. b5 h5 67. Kd3 a6 68. Kc4 axb5+ 69. Kxb5 h4 70. Kb6 g4
71. Re1 Kg5 72. Kb7 Rxc6 73. Kxc6 h3 74. Rh1 Kh4 75. Kd7 g3
0-1

[Event "Beth Harmon Chessing on the Ceiling Tourney"]
[Site "SchemingMind.com"]
[Date "2020.12.19"]
[Round "-"]
[White "Kenny Elliott"]
[Black "Thomas Jacob Kelly"]
[Result "0-1"]
[WhiteCountry "USA"]
[BlackCountry "USA"]
[WhiteElo "1562"]
[WhiteRD "54"]
[BlackElo "1846"]
[BlackRD "72"]
[GameID "463592"]

1. d4 Nf6 2. Nc3 e6 3. Bg5 d5 4. e3 Be7 5. Nf3 b6 6. Bb5+ c6 7. Bd3 Nbd7 8. O-O Bb7 9. Bxf6 Bxf6 10. Qe2 c5
11. Ba6 Qc8 12. Bxb7 Qxb7 13. Rab1 Rc8 14. Rfd1 O-O 15. b4 cxd4 16. exd4 Rxc3 17. Rd3 Rfc8 18. Rb2 Nf8 19. Rxc3 Rxc3 20. Qd2 Qc7
21. Ne1 h6 22. Rb3 Rxb3 23. axb3 e5 24. c3 exd4 25. cxd4 Ne6 26. Nf3 Nxd4 27. Nxd4 Bxd4 28. Kf1 Bc3 29. Qxd5 Bxb4 30. Qd1 Qc8
31. Qa1 a5 32. h4 Qc2 33. g3 Qxb3 34. Kg2 b5 35. Qc1 Qd5+ 36. Kh2 Bc5 37. Kh3 Qf5+ 38. Kg2 Qxf2+ 39. Kh3 Bd6 40. Qc8+ Kh7
41. Qg4 Qxg3+ 42. Qxg3 Bxg3 43. Kxg3 b4
0-1

[Event "Beth Harmon Chessing on the Ceiling Tourney"]
[Site "SchemingMind.com"]
[Date "2020.12.20"]
[Round "-"]
[White "Thomas Jacob Kelly"]
[Black "Kenny Elliott"]
[Result "1-0"]
[WhiteCountry "USA"]
[BlackCountry "USA"]
[WhiteElo "1846"]
[WhiteRD "72"]
[BlackElo "1562"]
[BlackRD "54"]
[GameID "463593"]

1. e4 c5 2. c3 e5 3. Bc4 Nf6 4. Nf3 d6 5. Ng5 Be6 6. Nxe6 Qd7 7. Nxf8 Rxf8 8. d3 Nc6 9. f3 O-O-O 10. Be3 Kb8
11. Na3 Ne8 12. Rb1 Nc7 13. b4 f5 14. bxc5 f4 15. Bf2 g5 16. Qb3 Na5 17. Qb2 dxc5 18. Bxc5 Rf6 19. Ke2 Qc6 20. Be7 Nxc4
21. Nxc4 Rfd6 22. Bxd6 h5 23. Nxe5 Qa6 24. Bxc7+ Kxc7 25. Rhc1 Re8 26. c4 Rxe5 27. Qxe5+
1-0

[Event "Beth Harmon Chessing on the Ceiling Tourney"]
[Site "SchemingMind.com"]
[Date "2020.12.21"]
[Round "-"]
[White "Steven DuCharme"]
[Black "cnile"]
[Result "1/2-1/2"]
[WhiteCountry "USA"]
[BlackCountry "SCO"]
[WhiteElo "1571"]
[WhiteRD "55"]
[BlackElo "1387"]
[BlackRD "62"]
[GameID "463606"]

1. Nf3 d5 2. g3 Nf6 3. Bg2 c5 4. O-O Nc6 5. b3 e6 6. Bb2 Be7 7. d3 O-O 8. Nbd2 Bd7 9. h3 Rc8 10. Ne5 Re8
11. Nxd7 Qxd7 12. e4 Kh8 13. f4 dxe4 14. Nxe4 Nd4 15. c3 Nc6 16. Nxf6 Bxf6 17. d4 cxd4 18. Bxc6 Qxc6 19. cxd4 a6 20. Rc1 Qd5
21. Rxc8 Rxc8 22. Rf2 g6 23. Rc2 Rxc2 24. Qxc2 Bxd4+ 25. Bxd4+ Qxd4+ 26. Kg2 Qd5+ 27. Kh2=
1/2-1/2

[Event "Beth Harmon Chessing on the Ceiling Tourney"]
[Site "SchemingMind.com"]
[Date "2020.12.22"]
[Round "-"]
[White "cnile"]
[Black "Steven DuCharme"]
[Result "0-1"]
[WhiteCountry "SCO"]
[BlackCountry "USA"]
[WhiteElo "1387"]
[WhiteRD "62"]
[BlackElo "1571"]
[BlackRD "55"]
[GameID "463607"]

1. e4 c5 2. Nf3 e6 3. d4 cxd4 4. Nxd4 a6 5. Bd3 b6 6. c4 Bb7 7. O-O Nc6 8. Nf3 Nb4 9. Nc3 Nxd3 10. Qxd3 h6
11. Bf4 g5 12. Bg3 h5 13. h3 h4 14. a3 hxg3 15. fxg3 Bc5+ 16. Kh2 g4 17. Ng1 Bxg1+ 18. Rxg1 Nf6 19. e5 Bxg2 20. Rxg2 gxh3
21. Rgg1 Ng4+
0-1

[Event "Beth Harmon Chessing on the Ceiling Tourney"]
[Site "SchemingMind.com"]
[Date "2020.12.21"]
[Round "-"]
[White "Kenny Elliott"]
[Black "cnile"]
[Result "0-1"]
[WhiteCountry "USA"]
[BlackCountry "SCO"]
[WhiteElo "1595"]
[WhiteRD "62"]
[BlackElo "1406"]
[BlackRD "62"]
[GameID "463608"]

1. d4 d5 2. c4 e6 3. Nc3 Nf6 4. Bg5 Nbd7 5. Nf3 Be7 6. cxd5 exd5 7. e3 c6 8. Bd3 O-O 9. O-O h6 10. Bh4 Re8
11. Bf5 Nf8 12. Bxc8 Rxc8 13. Qb3 b6 14. a4 Ng6 15. Bg3 a5 16. Be5 Nxe5 17. Nxe5 Bd6 18. Nf3 Bb4 19. Qc2 Qc7 20. Ne5 Bd6
21. Nf3 Ne4 22. Nd2 Bxh2+ 23. Kh1 Nxd2 24. Qxd2 Bd6 25. Qd1 Qe7 26. Kg1 Qh4 27. f4 Rxe3 28. Rf3 Rxf3 29. Qxf3 Bxf4 30. Qh3 Qxh3
31. gxh3 Re8 32. Kg2 Bd2 33. Rd1 Bxc3 34. bxc3 Re3 35. Rc1 g5 36. c4 dxc4 37. Rxc4 Re6 38. Kg3 Kg7 39. Kf3 Kg6 40. Kg3 f5
41. Kf3 h5 42. Kg3 g4 43. hxg4 hxg4 44. Rc3 Kg5 45. Rb3 f4+ 46. Kf2 Re3 47. Rxb6 g3+ 48. Kg2 Kg4 49. Rxc6 Re2+ 50. Kf1 Kf3
51. d5 g2+ 52. Kg1 Re1+ 53. Kh2 g1=Q+
0-1

[Event "Beth Harmon Chessing on the Ceiling Tourney"]
[Site "SchemingMind.com"]
[Date "2020.12.21"]
[Round "-"]
[White "cnile"]
[Black "Kenny Elliott"]
[Result "1-0"]
[WhiteCountry "SCO"]
[BlackCountry "USA"]
[WhiteElo "1387"]
[WhiteRD "62"]
[BlackElo "1585"]
[BlackRD "58"]
[GameID "463609"]

1. d4 d5 2. c4 e6 3. Nc3 Bb4 4. e3 Nf6 5. Bd3 dxc4 6. Bxc4 Ne4 7. Ne2 Qf6 8. Qa4+ Nc6 9. O-O Bd7 10. Nxe4 Qh4
11. N2g3 O-O 12. a3 Ba5 13. b4 Nxb4 14. Qxa5 Nc6 15. Qxc7 Bc8 16. Qf4 Qd8 17. Bb2 a6 18. Qg4 Kh8 19. d5 f6 20. dxc6 f5
21. Qxg7#
1-0

[Event "Beth Harmon Chessing on the Ceiling Tourney"]
[Site "SchemingMind.com"]
[Date "2020.12.20"]
[Round "-"]
[White "Derek Price"]
[Black "cnile"]
[Result "1-0"]
[WhiteCountry "ENG"]
[BlackCountry "SCO"]
[WhiteElo "2249"]
[WhiteRD "74"]
[BlackElo "1445"]
[BlackRD "63"]
[GameID "463610"]

1. c4 e6 2. g3 Nf6 3. Bg2 d5 4. Nf3 c6 5. b3 Bd6 6. Bb2 O-O 7. O-O Nbd7 8. d4 Re8 9. Nbd2 b6 10. Qc2 dxc4
11. Nxc4 Be7 12. Ng5 Nd5 13. Qxh7+ Kf8 14. Qh8#
1-0

[Event "Beth Harmon Chessing on the Ceiling Tourney"]
[Site "SchemingMind.com"]
[Date "2020.12.20"]
[Round "-"]
[White "cnile"]
[Black "Derek Price"]
[Result "0-1"]
[WhiteCountry "SCO"]
[BlackCountry "ENG"]
[WhiteElo "1387"]
[WhiteRD "62"]
[BlackElo "2240"]
[BlackRD "74"]
[GameID "463611"]

1. e4 c5 2. Nf3 d6 3. d4 cxd4 4. Nxd4 Nf6 5. Nc3 a6 6. Bg5 e6 7. f4 Be7 8. Be2 h6 9. Bxf6 Bxf6 10. O-O Qb6
11. e5 dxe5 12. fxe5 Bxe5 13. Nb5 axb5 14. c3 Nc6 15. Kh1 Bxd4 16. cxd4 Nxd4 17. Bg4 O-O 18. Rc1 Rxa2 19. Qe2 Nxe2
0-1

[Event "Beth Harmon Chessing on the Ceiling Tourney"]
[Site "SchemingMind.com"]
[Date "2020.12.22"]
[Round "-"]
[White "cnile"]
[Black "Transcendent"]
[Result "0-1"]
[WhiteCountry "SCO"]
[BlackCountry "ENG"]
[WhiteElo "1447"]
[WhiteRD "69"]
[BlackElo "2107"]
[BlackRD "68"]
[GameID "463612"]

1. e4 e5 2. f4 exf4 3. Nf3 Nf6 4. Nc3 d5 5. exd5 Nxd5 6. Bc4 Nxc3 7. dxc3 Qxd1+ 8. Kxd1 Bd6 9. Bd2 O-O 10. Rf1 Nc6
11. Ke2 Bg4 12. Rae1 Ne5 13. Bd5 c6 14. Bb3 Nxf3 15. gxf3 Bh3 16. Rg1 Bc5 17. Kd1 Bxg1 18. Rxg1 Rad8 19. Kc1 Be6 20. c4 b5
21. Bxf4 bxc4 22. Ba4 Bd5 23. Rf1 Rfe8 24. c3 Re2 25. Bd1 Rg2 26. a3 g5 27. Bg3 h5 28. f4 g4 29. Bc2 Bf3 30. Re1 Rdd2
31. Re8+ Kg7 32. Ba4 Rxb2 33. f5 Ra2
0-1

[Event "Beth Harmon Chessing on the Ceiling Tourney"]
[Site "SchemingMind.com"]
[Date "2020.12.21"]
[Round "-"]
[White "Transcendent"]
[Black "cnile"]
[Result "1-0"]
[WhiteCountry "ENG"]
[BlackCountry "SCO"]
[WhiteElo "2009"]
[WhiteRD "64"]
[BlackElo "1433"]
[BlackRD "61"]
[GameID "463613"]

1. d4 d5 2. c4 e6 3. Nf3 Nf6 4. g3 dxc4 5. Bg2 c5 6. O-O Be7 7. Qa4+ Bd7 8. Qxc4 cxd4 9. Nxd4 Nc6 10. Nxc6 Bxc6
11. Bxc6+ bxc6 12. Qxc6+ Kf8 13. Nc3 g6 14. Bh6+ Kg8 15. Rfd1 Qc8 16. Qxc8+ Rxc8 17. Rac1 Ng4 18. Ne4 Rxc1 19. Bxc1 Kg7 20. Rd7 Bc5
21. Nxc5 Rc8 22. Nd3 a5 23. b3
1-0

[Event "Beth Harmon Chessing on the Ceiling Tourney"]
[Site "SchemingMind.com"]
[Date "2020.12.21"]
[Round "-"]
[White "cnile"]
[Black "ray winteringham"]
[Result "0-1"]
[WhiteCountry "SCO"]
[BlackCountry "ENG"]
[WhiteElo "1406"]
[WhiteRD "62"]
[BlackElo "1467"]
[BlackRD "51"]
[GameID "463614"]

1. e4 c5 2. Nf3 Nc6 3. d4 cxd4 4. Nxd4 e5 5. Nb5 a6 6. N5a3 Bxa3 7. Nxa3 Nge7 8. c3 d6 9. Nc2 Be6 10. Ne3 Qc7
11. Be2 h6 12. O-O O-O-O 13. Bg4 Bxg4 14. Qxg4+ Qd7 15. Qxg7 Ng6 16. Qf6 Qe7 17. Qxe7 Ngxe7 18. Nc4 Kc7 19. Be3 Kb8 20. Rfd1 Nc8
21. f3 b5 22. Nd2 h5 23. Bg5 Rdf8 24. Nf1 f6 25. Be3 Rhg8 26. Rd5 Rd8 27. a4 Kb7 28. axb5 axb5 29. Rxb5+ Kc7 30. Ng3 Kd7
31. Rb7+ Ke6 32. Rc7 N8e7 33. Rb7 h4 34. Ne2 f5 35. exf5+ Nxf5 36. Bf2 h3 37. g3 Nh4 38. Re1 Nxf3+ 39. Kf1 Nxh2+ 40. Kg1 Nf3+
41. Kh1 Nxe1 42. Bxe1 Rdf8 43. Kh2 Rh8 44. Ng1 Rf1 45. Bd2 Rf2+ 46. Kh1 Rxd2 47. b4 Rd1 48. Kh2 Rd2+ 49. Kh1 Rg2 50. b5 h2
51. Kxg2 h1=Q+
0-1

[Event "Beth Harmon Chessing on the Ceiling Tourney"]
[Site "SchemingMind.com"]
[Date "2020.12.20"]
[Round "-"]
[White "ray winteringham"]
[Black "cnile"]
[Result "0-1"]
[WhiteCountry "ENG"]
[BlackCountry "SCO"]
[WhiteElo "1433"]
[WhiteRD "51"]
[BlackElo "1433"]
[BlackRD "61"]
[GameID "463615"]

1. c4 e6 2. Nc3 d5 3. e3 Nf6 4. cxd5 exd5 5. d4 c6 6. Be2 Bf5 7. h3 Bd6 8. Nf3 O-O 9. a3 Nbd7 10. Bd2 Re8
11. O-O a6 12. b4 Nf8 13. Nh2 Qd7 14. Bf3 Qc7 15. Ng4 N8d7 16. g3 h5 17. Nxf6+ Nxf6 18. Bxh5 Bxh3 19. Re1 Bxg3 20. f4 Bxe1
21. Qxe1 Nxh5 22. Qh4 Nxf4 23. exf4 Be6 24. Kf2 f6 25. Rg1 b5 26. Qg3 Ra7 27. Qg6 Qf7 28. Qg3 Bf5 29. a4 Rae7 30. Kg2 Be4+
31. Nxe4 Rxe4 32. Kf1 Rxd4 33. f5 Rxd2 34. Qc3 Rd1+ 35. Kg2 Re2+ 36. Kf3 Qh5+ 37. Rg4 Qh3+ 38. Rg3 Qxf5+ 39. Kxe2 Qf1+ 40. Ke3 Re1+
41. Kd4 Re4+ 42. Kc5 Qf2+ 43. Kxc6 Rc4+
0-1

[Event "Beth Harmon Chessing on the Ceiling Tourney"]
[Site "SchemingMind.com"]
[Date "2020.12.20"]
[Round "-"]
[White "cnile"]
[Black "Chessibelle"]
[Result "1-0"]
[WhiteCountry "SCO"]
[BlackCountry "ENG"]
[WhiteElo "1433"]
[WhiteRD "61"]
[BlackElo "1109"]
[BlackRD "57"]
[GameID "463616"]

1. d4 d5 2. c4 Nf6 3. Nc3 e6 4. Bg5 Be7 5. e3 Nc6 6. Nf3 O-O 7. Bd3 b6 8. O-O h6 9. Bh4 g5 10. Bg3 Ng4
11. h3 Nf6 12. Rc1 Kg7 13. a3 Rh8 14. cxd5 Nb8 15. dxe6 Bxe6 16. Qc2 Nfd7 17. e4 Bf6 18. e5 Be7 19. Ne4 f6 20. exf6+ Nxf6
21. Bxc7 Qd7 22. Be5 Nc6 23. Bb5 Rac8 24. Bxc6 Qd8 25. Nxf6 Bxf6 26. Bxf6+ Qxf6 27. Qa4 a5 28. Qd1 h5 29. Ne5 Rcg8 30. Nd7 Bxd7
31. Bxd7 Rd8 32. Bb5 Rd5 33. a4 Rg8 34. Re1 Rf8 35. Rc7+ Kh6 36. Rc6
1-0

[Event "Beth Harmon Chessing on the Ceiling Tourney"]
[Site "SchemingMind.com"]
[Date "2020.12.21"]
[Round "-"]
[White "Chessibelle"]
[Black "cnile"]
[Result "0-1"]
[WhiteCountry "ENG"]
[BlackCountry "SCO"]
[WhiteElo "1109"]
[WhiteRD "57"]
[BlackElo "1433"]
[BlackRD "61"]
[GameID "463617"]

1. Nf3 Nf6 2. d4 d5 3. g3 g6 4. e3 Bg7 5. Be2 Bh3 6. Bb5+ c6 7. Bd3 O-O 8. Ng5 Bd7 9. Nc3 b5 10. b4 Na6
11. a3 Nc7 12. O-O Ne6 13. e4 dxe4 14. Ncxe4 Nxg5 15. Nxg5 Rc8 16. c3 Nd5 17. Re1 Nxc3 18. Qc2 Nd5 19. Kg2 Qb6 20. Bd2 Rfe8
21. h3 Bxd4 22. Kf1 Bxf2 23. Re2 Bd4 24. g4 Bxa1 25. Be1 Bg7 26. Bf2 Qb7 27. Bh4 e5 28. Be4 Nf4 29. Rh2 Ne6 30. Qf2 Rf8
31. Ke2 Nf4+ 32. Kf3 Qc7 33. Qg1 a5 34. Rb2 axb4 35. axb4 h6 36. Ke3 Qb6+
0-1

[Event "Beth Harmon Chessing on the Ceiling Tourney"]
[Site "SchemingMind.com"]
[Date "2020.12.24"]
[Round "-"]
[White "cnile"]
[Black "Thomas Jacob Kelly"]
[Result "0-1"]
[WhiteCountry "SCO"]
[BlackCountry "USA"]
[WhiteElo "1445"]
[WhiteRD "63"]
[BlackElo "1846"]
[BlackRD "72"]
[GameID "463618"]

1. e4 e5 2. Nf3 Nc6 3. d4 exd4 4. Nxd4 Bc5 5. Be3 Qf6 6. Nc3 Nxd4 7. Bd3 a6 8. O-O Nh6 9. Nd5 Qd8 10. Qg4 Nxg4
0-1

[Event "Beth Harmon Chessing on the Ceiling Tourney"]
[Site "SchemingMind.com"]
[Date "2020.12.23"]
[Round "-"]
[White "Thomas Jacob Kelly"]
[Black "cnile"]
[Result "1-0"]
[WhiteCountry "USA"]
[BlackCountry "SCO"]
[WhiteElo "1852"]
[WhiteRD "77"]
[BlackElo "1387"]
[BlackRD "62"]
[GameID "463619"]

1. e4 e5 2. f4 exf4 3. Nf3 g5 4. h4 g4 5. Ne5 Nf6 6. Bc4 d5 7. exd5 Nxd5 8. Nc3 Be6 9. Bxd5 Bxd5 10. Qxg4 Be6
11. Qxf4 Bd6 12. Ne4 Nd7 13. Nxd6+ cxd6 14. Nd3 Qb6 15. b3 O-O-O 16. Bb2 Kb8 17. Bxh8 Ka8 18. Qd4 Qc6 19. O-O-O Rc8 20. Qc3 Nc5
21. Bd4 Qxg2 22. Bxc5 Rxc5 23. Nxc5 Qg8 24. Nxe6
1-0

[Event "Beth Harmon Chessing on the Ceiling Tourney"]
[Site "SchemingMind.com"]
[Date "2021.01.01"]
[Round "-"]
[White "Steven DuCharme"]
[Black "buddhastalin"]
[Result "1-0"]
[WhiteCountry "USA"]
[BlackCountry "USA"]
[WhiteElo "1609"]
[WhiteRD "59"]
[BlackElo "1356"]
[BlackRD "73"]
[GameID "463968"]

1. Nf3 c5 2. e4 e6 3. d4 cxd4 4. Nxd4 Nf6 5. Nc3 Nc6 6. Be3 Bb4 7. Bd3 d5 8. exd5 Nxd5 9. Nxc6 bxc6 10. O-O Nxc3
11. bxc3 Bxc3 12. Rb1 Qa5 13. Rb3 Bf6 14. Qb1 O-O 15. Rd1 Ba6 16. Bd2
1-0

[Event "Beth Harmon Chessing on the Ceiling Tourney"]
[Site "SchemingMind.com"]
[Date "2020.12.31"]
[Round "-"]
[White "buddhastalin"]
[Black "Steven DuCharme"]
[Result "0-1"]
[WhiteCountry "USA"]
[BlackCountry "USA"]
[WhiteElo "1356"]
[WhiteRD "73"]
[BlackElo "1609"]
[BlackRD "59"]
[GameID "463969"]

1. d4 d5 2. Nf3 Nf6 3. c4 e6 4. cxd5 exd5 5. g3 Bb4+ 6. Nbd2 O-O 7. Bg2 Re8 8. O-O Nc6 9. a3 Bxd2 10. Bxd2 Ne4
11. Rc1 Bd7 12. Bc3 f6 13. Qc2 Nxc3 14. bxc3 g6 15. Rfe1 Bf5
0-1